000 00448nam a2200157 i 4500
001 98325
003 ES-MaACL
005 20230906182247.0
007 t|
008 050728s1914 fr ||||1| fre d
100 1 _aMartin, Etienne.
_977293
245 1 0 _aPrécis de deontologie et de médicine professionalle /
_cpar Etienne Martin.
260 _aParis :
_bMasson et Cie.,
_c1914.
300 _aVII, 316 p. ;
_c20 cm.
852 _aES-MaACL
_jB-11708
999 _c98325
_d98325